Top 30 Lil Tecca Songs - Statistics

General Stats
  • This quiz has been taken 28 times
  • The average score is 9 of 30
Answer Stats
# Song Rating % Correct
2. Ransom 86
100%
5. Ransom (Remix) 82
100%
4. 500lbs 83
74%
1. Dark Thoughts 88
61%
10. OWA OWA 78
57%
27. LOT OF ME 73
52%
13. HVN ON EARTH 77
39%
6. NUMBER 2 80
39%
3. BAD TIME 83
35%
14. Did It Again 77
35%
22. Half The Plot 75
35%
12. Favorite Lie 78
30%
9. TASTE 79
26%
19. D1 76
22%
15. NEVER LAST 77
22%
20. 24HRS 75
17%
11. Boys Don't Cry 78
17%
17. Dead or Alive 76
17%
26. Monday to Sunday 73
17%
21. NEVER LEFT 75
17%
16. REPEAT IT 76
17%
18. 120 76
13%
8. CHOPPA SHOOT THE LOUDEST 79
13%
23. Fell In Love 74
13%
7. I CAN'T LET GO 80
13%
29. The Truth 72
13%
30. FLOWERS 72
9%
28. MONEY ON ME 73
9%
25. ALL THE TIME 73
4%
24. GOLD GIRLS 73
0%
No matching quizzes found
Score Distribution
Percent of People with Each Score
Percentile by Number Answered
Your Score History
You have not taken this quiz